Antero: a questa, a odisseia, a peregrinaçao do poeta-filósofo e do poeta-religioso (Record no. 603897)
[ view plain ]
| 000 -CABECERA | |
|---|---|
| Campo de control de longitud fija | 00489nab a2200145Ia 4500 |
| 003 - IDENTIFICADOR DEL NÚMERO DE CONTROL | |
| Campo de control | ES-SlBCS |
| 005 - FECHA Y HORA DE LA ÚLTIMA TRANSACCIÓN | |
| Campo de control | 20210601133910.0 |
| 008 - CÓDIGOS DE INFORMACIÓN DE LONGITUD FIJA | |
| Campo de control de longitud fija | 140529s1991 xxu||||| |||| 00| 0 por d |
| 041 ## - CÓDIGO DE LENGUA | |
| Código de lengua del texto/banda sonora o título independiente | por |
| 100 1# - PUNTO DE ACCESO PRINCIPAL-NOMBRE DE PERSONA | |
| Nombre de persona | Quadros, Antonio |
| 9 (RLIN) | 205904 |
| 245 00 - MENCIÓN DE TÍTULO | |
| Título | Antero: a questa, a odisseia, a peregrinaçao do poeta-filósofo e do poeta-religioso |
| Mención de responsabilidad, etc. | Antonio Quadros |
| 600 04 - PUNTO DE ACCESO ADICIONAL DE MATERIA-NOMBRE DE PERSONA | |
| Nombre personal | Antero de Quental |
| 9 (RLIN) | 206316 |
| 773 0# - ENLACE AL DOCUMENTO FUENTE | |
| Título | Revista Portuguesa de Filosofia |
| Parte(s) relacionada(s) | vol. 47, 1991, págs. 265-279 |
| Número de control del registro relacionado | Rev379 |
| 942 ## - ENTRADA DE ELEMENTOS AGREGADOS (KOHA) | |
| Koha [por defecto] tipo de item | Artículos de revista |
| Suprimido | Perdido | Estropeado | No para préstamo | Localización permanente | Localización actual | Localización en estantería | Fecha adquisición | Préstamos totales | Fecha última consulta | Fecha del precio de reemplazo | Tipo de item de Koha |
|---|---|---|---|---|---|---|---|---|---|---|---|
| San Esteban | San Esteban | Depósito de revistas | 11/07/2014 | 11/07/2014 | 11/07/2014 | Artículos de revista |
